• 首页
  • 本馆介绍
  • 公告通知
  • 最新文献
  • 馆藏检索
  • 电子资源
  • 读者导购
  • 参考咨询
  • 我的图书馆
  • 登录
  • 详细信息显示
  • 放入我的书架
  • 预约/预借图书
  • 作者相关作品
  • 分类相关作品
  • 丛书相关作品
  • 出版社相关作品

书目信息

  • 表格格式
  • 工作单格式
  • 卡片格式
题名:
内存玩家实战
    
 
作者: ;宋新波 改编 ;施威铭研究室 著
分册:  
出版信息: 北京   人民邮电出版社  1999
页数: 424页
开本: 24cm
丛书名: 旗标系列图书
单 册:
中图分类: TP333.1
科图分类:
主题词: 电子数字计算机
电子资源:
ISBN: 7-115-07738-X
000 00685nam0 2200229 45
001 0305151069
005 20031219104110.1
010    @a7-115-07738-X@dCNY40.00
100    @a20030515d1999 km y0chiy0120 ea
101 0  @achi
105    @aa z 000yy
200 1  @a内存玩家实战@ANei Cun Wan Jia Shi Zhan@f施威铭研究室著@FShi Wei Ming Yan Jiu Shi Zhu@g宋新波等改编
210    @a北京@c人民邮电出版社@d1999
215    @a424页@c插图@d24cm
225    @a旗标系列图书
410    @12001 @a旗标系列图书
606 0  @a电子数字计算机
690    @aTP333.1@v4
702  0 @a宋新波@ASong Xin Bo@4改编
711 02 @a施威铭研究室@4著
801    @aCN@bTSTC@c20030515
905    @b323384@dTP333.1@e75@f1
    
    内存玩家实战/施威铭研究室著/宋新波等改编.-北京:人民邮电出版社,1999
    424页:插图;24cm.-(旗标系列图书)
    
    
    ISBN 7-115-07738-X:CNY40.00
    
●
相关链接 在E读中查询图书 在五车中查询图书 在当当中查询图书 在豆瓣中查询图书


正题名:内存玩家实战     索取号:TP333.1/75         预约/预借

序号 登录号 条形码 馆藏地/架位号 状态 备注
1 0323384   203233848   第二样本阅览室/ [索取号:TP333.1/75] 在馆    
唐山师范学院图书馆 欢迎您!
大连网信软件有限公司© 版权所有